| Tag |
First Indicator |
Second Indicator |
Subfields |
| LEADER |
00000cam a22000004a 4500 |
| 001 |
in00002245607 |
| 005 |
20151104194842.0 |
| 008 |
060721s2007 nvuaf b s001 0 eng |
| 010 |
|
|
|a 2006023847
|
| 020 |
|
|
|a 0874176972 (hardcover : alk. paper)
|
| 020 |
|
|
|a 9780874176971 (hardcover : alk. paper)
|
| 029 |
1 |
|
|a YDXCP
|b 2497872
|
| 035 |
|
|
|a (OCoLC)ocm70718288
|
| 035 |
|
|
|a (OCoLC)70718288
|
| 040 |
|
|
|a DLC
|c DLC
|d BAKER
|d C#P
|d YDXCP
|d UtOrBLW
|
| 043 |
|
|
|a n-us-ca
|
| 049 |
|
|
|a TXAM
|
| 050 |
0 |
0 |
|a HQ1031
|b .C38 2007
|
| 082 |
0 |
0 |
|a 306.84/608968720730794
|2 22
|
| 100 |
1 |
|
|a Casas, Maria Raquél.
|
| 245 |
1 |
0 |
|a Married to a daughter of the land :
|b Spanish-Mexican women and interethnic marriage in California, 1820-1880 /
|c María Raquél Casas.
|
| 264 |
|
1 |
|a Reno :
|b University of Nevada Press,
|c [2007]
|
| 264 |
|
4 |
|c ©2007
|
| 300 |
|
|
|a xiii, 261 pages, 8 unnumbered pages of plates :
|b illustrations ;
|c 24 cm.
|
| 336 |
|
|
|a text
|b txt
|2 rdacontent
|
| 337 |
|
|
|a unmediated
|b n
|2 rdamedia
|
| 338 |
|
|
|a volume
|b nc
|2 rdacarrier
|
| 504 |
|
|
|a Includes bibliographical references (pages 219-244) and index.
|
| 505 |
0 |
|
|a Introduction -- Spanish women as cultural agents from medieval Spain to the new world frontier -- Class and marriage choices -- Marriage and the myth of romantic California -- The legal system and "a reckless breed of men" -- Interethnic marriages in the post-Mexican-American War era -- Epilogue.
|
| 650 |
|
0 |
|a Interethnic marriage
|z California
|x History
|y 19th century.
|
| 650 |
|
0 |
|a Mexican American women
|z California
|x History
|y 19th century.
|
| 650 |
|
0 |
|a Mexican American women
|z California
|x Social conditions
|y 19th century.
|
| 651 |
|
0 |
|a California
|x Social conditions
|y 19th century.
|
| 856 |
4 |
1 |
|3 Table of contents only
|u http://www.loc.gov/catdir/toc/ecip0617/2006023847.html
|t 0
|
| 938 |
|
|
|a Baker & Taylor
|b BKTY
|c 34.95
|d 34.95
|i 0874176972
|n 0007087696
|s active
|
| 938 |
|
|
|a YBP Library Services
|b YANK
|n 2497872
|
| 945 |
|
|
|a PromptCat
|b 134252
|
| 946 |
|
|
|a stk
|
| 947 |
|
|
|a A14835610308
|
| 948 |
|
|
|a cataloged
|b h
|c 2007/5/18
|d c
|e achopde
|f 11:38:58 am
|
| 994 |
|
|
|a 92
|b TXA
|
| 999 |
|
|
|a MARS
|
| 999 |
f |
f |
|s 519cf313-3cff-3213-933b-80b86974d053
|i cc5349cc-5d41-3512-b8c3-af99a48a221b
|t 0
|
| 952 |
f |
f |
|p normal
|a Texas A&M University
|b College Station
|c Sterling C. Evans Library
|d Evans: Library Stacks
|t 0
|e HQ1031 .C38 2007
|h Library of Congress classification
|i unmediated -- volume
|m A14835610308
|
| 998 |
f |
f |
|a HQ1031 .C38 2007
|t 0
|l Evans: Library Stacks
|